All 3M Cities by First Two Letters on a Map - Statistics

General Stats
  • This quiz has been taken 618 times
  • The average score is 143 of 170
Answers on the Map
Answers color-coded by a green-red scale on the quiz's map according to % correct below.
 
Answer Stats
City % Correct
Ho Chi Minh City
99%
Saint Petersburg
99%
Salvador
99%
San Diego
99%
San Francisco
99%
Santiago
99%
Santo Domingo
99%
São Paulo
99%
Bangalore
98%
Beijing
98%
Bogotá
98%
Buenos Aires
98%
Chennai
98%
Guangzhou
98%
Kanpur
98%
Karachi
98%
Los Angeles
98%
Belo Horizonte
97%
Berlin
97%
Cairo
97%
Campinas
97%
Cape Town
97%
Caracas
97%
Casablanca
97%
Kolkata
97%
London
97%
Madrid
97%
Manchester
97%
Manila
97%
Mashhad
97%
Mexico City
97%
Monterrey
97%
Montréal
97%
Moscow
97%
New York
97%
The Ruhr
97%
Bamako
96%
Medan
96%
Medellín
96%
Melbourne
96%
Miami
96%
Milan
96%
Minneapolis
96%
Mumbai
96%
Baghdad
95%
Bandung
95%
Bangkok
95%
Barcelona
95%
Paris
95%
Tokyo
95%
Toronto
95%
Ahmedabad
94%
Dakar
94%
Dalian
94%
Dallas
94%
Damascus
94%
Dar es Salaam
94%
Dhaka
94%
Hefei
94%
Denver
93%
Detroit
93%
Rawalpindi
93%
Rio de Janeiro
93%
Riyadh
93%
Seattle
93%
Seoul
93%
Tianjin
93%
Athens
92%
Atlanta
92%
Jaipur
92%
Jakarta
92%
Kiev
92%
Lima
92%
Rome
92%
Rotterdam
92%
Kuala Lumpur
91%
Sydney
91%
Alexandria
90%
Algiers
90%
Ankara
90%
Changchun
90%
Changsha
90%
Chengdu
90%
Chicago
90%
Chittagong
90%
Chongqing
90%
Cologne
90%
Delhi
90%
Lagos
90%
Lahore
90%
Nagoya
90%
Nagpur
90%
Nairobi
90%
Nanchang
90%
Nanjing
90%
Nanning
90%
Naples
90%
Boston
89%
Hong Kong
89%
Houston
89%
Douala
88%
Guadalajara
88%
Guatemala City
88%
Guayaquil
88%
Istanbul
88%
Kinshasa
88%
Xiamen
88%
Brasília
87%
Shantou
87%
Colombo
86%
Johannesburg
86%
Khartoum
86%
Taipei
86%
Taiyuan
86%
Tehran
86%
Washington
86%
Xi'an
86%
Dubai
84%
Durban
84%
Tampa
83%
Kabul
82%
Kampala
82%
Kano
82%
Philadelphia
82%
Phoenix
82%
Amman
81%
Busan
81%
Hangzhou
80%
Hanoi
80%
Harbin
80%
Kunming
80%
Kuwait City
80%
Shanghai
80%
Shenyang
80%
Shijiazhuang
80%
Addis Ababa
78%
Singapore
76%
Luanda
75%
Lucknow
75%
Osaka
75%
Yangon
75%
Abidjan
73%
Birmingham
73%
Jeddah
73%
Pune
71%
Frankfurt
70%
Accra
68%
Orlando
68%
Yaoundé
66%
Porto Alegre
65%
Recife
59%
Surabaya
59%
Surat
59%
Fuzhou
57%
Puebla
57%
Wuhan
55%
Wuxi
55%
Cleveland
54%
Fortaleza
52%
Ürümqi
52%
Hyderabad
51%
Curitiba
42%
Qingdao
34%
Zhengzhou
33%
Faisalabad
32%
Ningbo
31%
Wenzhou
31%
Jinan
29%
Ibadan
27%
Zibo
19%
No matching quizzes found
Score Distribution
Percent of People with Each Score
Percentile by Number Answered
Your Score History
You have not taken this quiz